[Event "Valle Region-ch"]
[Site "Cali"]
[Date "2012.03.17"]
[Round "3.7"]
[White "Chavarro, Hugo"]
[Black "Ramos Ariza, Juan Manuel"]
[Result "1-0"]
[WhiteElo "2296"]
[BlackElo "1735"]
[PlyCount "73"]
[EventDate "2012.03.16"]
[EventType "swiss"]
[EventRounds "7"]
[EventCountry "COL"]
[SourceTitle "EXT 2024"]
[Source "ChessBase"]
[SourceDate "2023.10.10"]
[SourceVersion "1"]
[SourceVersionDate "2023.10.10"]
[SourceQuality "1"]

1. e4 c5 2. Nf3 d6 3. d4 cxd4 4. Nxd4 Nf6 5. f3 a6 6. c4 Nc6 7. Be3 g6 8. Nc3 Bg7 9. Qd2 h5 10. Be2 Bd7 11. 0-0 0-0 12. Rfd1 Rc8 13. Rac1 Qc7 14. h3 Nxd4 15. Bxd4 Bc6 16. b4 Qd8 17. a4 b6 18. b5 axb5 19. axb5 Bb7 20. Nd5 Nxd5 21. Bxg7 Kxg7 22. exd5 Ra8 23. f4 Bc8 24. Bd3 f6 25. Qe3 Bd7 26. Re1 Kf7 27. Re2 Ra7 28. Rce1 Be8 29. Qg3 Kg7 30. Bxg6 Kh6 31. f5 Rg8 32. Qe3+ Kg7 33. Qxe7+ Rxe7 34. Rxe7+ Kh6 35. Rh7+ Kg5 36. Rxh5+ Kf4 37. Kf2 1-0

[Event "Cali Primer Valle"]
[Site "Cali"]
[Date "2012.02.12"]
[Round "7.1"]
[White "Beltran, Carlos Armando"]
[Black "Chavarro, Hugo"]
[Result "1/2-1/2"]
[WhiteElo "2213"]
[BlackElo "2287"]
[PlyCount "52"]
[EventDate "2012.02.10"]
[EventType "swiss"]
[EventRounds "7"]
[EventCountry "COL"]
[SourceTitle "EXT 2024"]
[Source "ChessBase"]
[SourceDate "2023.10.10"]
[SourceVersion "1"]
[SourceVersionDate "2023.10.10"]
[SourceQuality "1"]

1. Nf3 c5 2. g3 Nf6 3. Bg2 g6 4. 0-0 Bg7 5. c3 0-0 6. d4 cxd4 7. cxd4 d5 8. Nc3 Nc6 9. Bf4 e6 10. Ne5 Nxe5 11. Bxe5 Bd7 12. Qb3 Bc6 13. Rfc1 Qa5 14. e3 Rfc8 15. a4 Qd8 16. a5 Ne4 17. Bxg7 Kxg7 18. Nxe4 dxe4 19. Qa3 Bd5 20. b4 b6 21. Bf1 bxa5 22. bxa5 Rxc1 23. Rxc1 Rb8 24. Qc5 Rb2 25. Qc7 Qxc7 26. Rxc7 Rb7 1/2-1/2